<?xml version="1.0" encoding="UTF-8"?>
<record
    xmlns:xsi="http://www.w3.org/2001/XMLSchema-instance"
    xsi:schemaLocation="http://www.loc.gov/MARC21/slim http://www.loc.gov/standards/marcxml/schema/MARC21slim.xsd"
    xmlns="http://www.loc.gov/MARC21/slim">

  <leader>00508    a2200169   4500</leader>
  <controlfield tag="003">OSt</controlfield>
  <controlfield tag="005">20231214131322.0</controlfield>
  <controlfield tag="008">231214b        |||||||| |||| 00| 0 eng d</controlfield>
  <datafield tag="020" ind1=" " ind2=" ">
    <subfield code="a">9788121924405</subfield>
  </datafield>
  <datafield tag="040" ind1=" " ind2=" ">
    <subfield code="c">oclc</subfield>
  </datafield>
  <datafield tag="082" ind1=" " ind2=" ">
    <subfield code="a">621.3</subfield>
    <subfield code="b">THE/T</subfield>
  </datafield>
  <datafield tag="100" ind1=" " ind2=" ">
    <subfield code="a">Theraja, B L</subfield>
    <subfield code="9">4338</subfield>
  </datafield>
  <datafield tag="245" ind1=" " ind2=" ">
    <subfield code="a">A textbook of electrical technology : in S.I. units ; Volume I /</subfield>
    <subfield code="c">B L Thetaja, A K Theraja</subfield>
  </datafield>
  <datafield tag="260" ind1=" " ind2=" ">
    <subfield code="b">S Chand,</subfield>
    <subfield code="c">2019.</subfield>
  </datafield>
  <datafield tag="300" ind1=" " ind2=" ">
    <subfield code="a">864 p</subfield>
  </datafield>
  <datafield tag="942" ind1=" " ind2=" ">
    <subfield code="2">ddc</subfield>
    <subfield code="c">BK</subfield>
    <subfield code="h">621.3</subfield>
    <subfield code="i">THE/T</subfield>
    <subfield code="k">621.3</subfield>
    <subfield code="m">THE/T</subfield>
  </datafield>
  <datafield tag="952" ind1=" " ind2=" ">
    <subfield code="0">0</subfield>
    <subfield code="1">0</subfield>
    <subfield code="2">ddc</subfield>
    <subfield code="4">0</subfield>
    <subfield code="7">0</subfield>
    <subfield code="8">APHY</subfield>
    <subfield code="a">MES</subfield>
    <subfield code="b">MES</subfield>
    <subfield code="c">PHY</subfield>
    <subfield code="d">2023-12-14</subfield>
    <subfield code="l">0</subfield>
    <subfield code="o">621.3 THE/T</subfield>
    <subfield code="p">44185</subfield>
    <subfield code="r">2023-12-14 13:14:09</subfield>
    <subfield code="t">5</subfield>
    <subfield code="v">575.00</subfield>
    <subfield code="w">2023-12-14</subfield>
    <subfield code="y">BK</subfield>
    <subfield code="z">GL14R5</subfield>
  </datafield>
  <datafield tag="952" ind1=" " ind2=" ">
    <subfield code="0">0</subfield>
    <subfield code="1">0</subfield>
    <subfield code="2">ddc</subfield>
    <subfield code="4">0</subfield>
    <subfield code="7">0</subfield>
    <subfield code="8">APHY</subfield>
    <subfield code="a">MES</subfield>
    <subfield code="b">MES</subfield>
    <subfield code="c">PHY</subfield>
    <subfield code="d">2023-12-14</subfield>
    <subfield code="l">0</subfield>
    <subfield code="o">621.3 THE/T</subfield>
    <subfield code="p">44184</subfield>
    <subfield code="r">2023-12-14 13:14:09</subfield>
    <subfield code="t">4</subfield>
    <subfield code="v">575.00</subfield>
    <subfield code="w">2023-12-14</subfield>
    <subfield code="y">BK</subfield>
    <subfield code="z">GL14R5</subfield>
  </datafield>
  <datafield tag="952" ind1=" " ind2=" ">
    <subfield code="0">0</subfield>
    <subfield code="1">0</subfield>
    <subfield code="2">ddc</subfield>
    <subfield code="4">0</subfield>
    <subfield code="7">0</subfield>
    <subfield code="8">APHY</subfield>
    <subfield code="a">MES</subfield>
    <subfield code="b">MES</subfield>
    <subfield code="c">PHY</subfield>
    <subfield code="d">2023-12-14</subfield>
    <subfield code="l">0</subfield>
    <subfield code="o">621.3 THE/T</subfield>
    <subfield code="p">44183</subfield>
    <subfield code="r">2023-12-14 13:14:09</subfield>
    <subfield code="t">3</subfield>
    <subfield code="v">575.00</subfield>
    <subfield code="w">2023-12-14</subfield>
    <subfield code="y">BK</subfield>
    <subfield code="z">GL14R5</subfield>
  </datafield>
  <datafield tag="952" ind1=" " ind2=" ">
    <subfield code="0">0</subfield>
    <subfield code="1">0</subfield>
    <subfield code="2">ddc</subfield>
    <subfield code="4">0</subfield>
    <subfield code="7">0</subfield>
    <subfield code="8">APHY</subfield>
    <subfield code="a">MES</subfield>
    <subfield code="b">MES</subfield>
    <subfield code="c">PHY</subfield>
    <subfield code="d">2023-12-14</subfield>
    <subfield code="l">0</subfield>
    <subfield code="o">621.3 THE/T</subfield>
    <subfield code="p">44182</subfield>
    <subfield code="r">2023-12-14 13:14:09</subfield>
    <subfield code="t">2</subfield>
    <subfield code="v">575.00</subfield>
    <subfield code="w">2023-12-14</subfield>
    <subfield code="y">BK</subfield>
    <subfield code="z">GL14R5</subfield>
  </datafield>
  <datafield tag="952" ind1=" " ind2=" ">
    <subfield code="0">0</subfield>
    <subfield code="1">0</subfield>
    <subfield code="2">ddc</subfield>
    <subfield code="4">0</subfield>
    <subfield code="7">0</subfield>
    <subfield code="8">APHY</subfield>
    <subfield code="a">MES</subfield>
    <subfield code="b">MES</subfield>
    <subfield code="c">PHY</subfield>
    <subfield code="d">2023-12-14</subfield>
    <subfield code="l">0</subfield>
    <subfield code="o">621.3 THE/T</subfield>
    <subfield code="p">44181</subfield>
    <subfield code="r">2023-12-14 13:14:09</subfield>
    <subfield code="t">1</subfield>
    <subfield code="v">575.00</subfield>
    <subfield code="w">2023-12-14</subfield>
    <subfield code="y">BK</subfield>
    <subfield code="z">GL14R5</subfield>
  </datafield>
  <datafield tag="999" ind1=" " ind2=" ">
    <subfield code="c">44215</subfield>
    <subfield code="d">44215</subfield>
  </datafield>
</record>
